[Event "Sautron op 21th"]
[Site "Sautron"]
[Date "2014.08.31"]
[Round "6"]
[White "De Lagontrie, Jean"]
[Black "Jackson, Edgar"]
[Result "1-0"]
[WhiteElo "1887"]
[BlackElo "1585"]
[PlyCount "93"]
[EventDate "2014.08.28"]
[EventType "swiss"]
[EventRounds "6"]
[EventCountry "FRA"]
[SourceTitle "EXT 2015"]
[Source "ChessBase"]
[SourceDate "2014.11.20"]
[SourceVersion "1"]
[SourceVersionDate "2014.11.20"]
[SourceQuality "1"]

1. d4 Nf6 2. c4 e6 3. Nc3 Bb4 4. e3 b6 5. Nge2 a5 6. a3 Be7 7. d5 0-0 8. Ng3 Na6 9. Be2 Nc5 10. b3 d6 11. e4 e5 12. 0-0 Ne8 13. Qc2 Bg5 14. Bxg5 Qxg5 15. b4 Nb7 16. Nf5 g6 17. Qc1 Qxc1 18. Ne7+ Kg7 19. Rfxc1 f5 20. exf5 gxf5 21. Nb5 Bd7 22. Nc3 Kf6 23. Nc6 Rg8 24. f3 Nd8 25. Nxd8 Rxd8 26. bxa5 bxa5 27. Rab1 Kf7 28. Rb7 Rg7 29. Kf2 Kg8 30. Rcb1 Re7 31. Ra7 e4 32. fxe4 fxe4 33. Ke3 Bf5 34. Rxa5 Ng7 35. g4 Bg6 36. Rab5 Rf8 37. Rb8 Ne8 38. Rf1 Rxf1 39. Bxf1 Kg7 40. a4 Nf6 41. h3 Ne8 42. a5 h5 43. a6 c6 44. dxc6 Nc7 45. a7 Be8 46. Nd5 Rf7 47. Rxe8 1-0